| 000 | 01291cam a22002533a 4500 | ||
|---|---|---|---|
| 001 | 13764 | ||
| 003 | PGUSA | ||
| 005 | 20140828083308.0 | ||
| 008 | 041016s2004||||xxu|||||s|||||000 p eng d | ||
| 040 |
_aPGUSA _beng |
||
| 042 | _adc | ||
| 050 | 4 | _aPR | |
| 100 | 1 |
_aLynd, Robert, _d1879-1949 |
|
| 245 | 1 | 4 |
_aThe Art of Letters _h[electronic resource] / _cRobert Lynd |
| 260 |
_bProject Gutenberg, _c2004 |
||
| 505 | 0 | _aMr. Pepys -- John Bunyan -- Thomas Campion -- John Donne -- Horace Walpole -- William Cowper -- A note on Elizabethan plays -- The office of the poets -- Edward Young as critic -- Gray and Collins -- Aspects of Shelley -- The wisdom of Coleridge -- Tennyson: a temporary criticism -- The politics of Swift and Shakespeare -- The personality of Morris -- George Meredith -- Oscar Wilde -- Two English critics: Mr. Saintsbury. Mr. Gosse -- An American critic: Professor Irving Babbit -- Georgians -- Labour of authorship -- The theory of poetry -- The critic as destroyer -- Book reviewing. | |
| 506 | _aPublic domain in the USA. | ||
| 516 | _aElectronic text | ||
| 653 | _aCriticism -- Great Britain | ||
| 653 | _aEnglish literature -- History and criticism | ||
| 830 | 0 |
_aProject Gutenberg _v13764 |
|
| 856 | 4 | 0 | _uhttp://www.gutenberg.org/ebooks/13764 |
| 942 | _cEB | ||
| 999 |
_c243019 _d243019 |
||